[Event "CUB-ch U18"]
[Site "Pinar del Rio"]
[Date "2019.06.28"]
[Round "1"]
[White "Lores Pulgares, Felix"]
[Black "Alvarez Calzadilla, Jose Avelino"]
[Result "1/2-1/2"]
[WhiteElo "2081"]
[BlackElo "2239"]
[PlyCount "111"]
[EventDate "2019.06.28"]
[EventType "swiss"]
[EventRounds "9"]
[EventCountry "CUB"]
[SourceTitle "CBM 195 Extra"]
[Source "ChessBase"]
[SourceDate "2020.05.31"]
[SourceVersion "1"]
[SourceVersionDate "2020.05.31"]
[SourceQuality "1"]

1. e4 c5 2. Nf3 Nc6 3. Bb5 g6 4. 0-0 Bg7 5. Bxc6 dxc6 6. d3 e5 7. Nc3 Qe7 8. Be3 Nf6 9. h3 Nd7 10. Qd2 h6 11. Rfe1 Nf8 12. Na4 Ne6 13. a3 Nd4 14. Nh2 Be6 15. Qc3 b6 16. b4 cxb4 17. axb4 0-0 18. Qb2 Rad8 19. Nc3 Rd7 20. Ne2 c5 21. b5 Rfd8 22. Nc1 c4 23. Ra4 cxd3 24. cxd3 Qc5 25. Bxd4 Rxd4 26. Rxa7 Rb4 27. Qd2 Qxb5 28. Ng4 Rb2 29. Qc3 Qb4 30. Qxb4 Rxb4 31. Ne3 Bf8 32. Ra1 Bc5 33. Re2 Bd4 34. Nc2 Rb5 35. Nxd4 Rxd4 36. Rd2 Rbb4 37. Ne2 Rd7 38. Rad1 b5 39. f4 f6 40. fxe5 fxe5 41. d4 Bc4 42. dxe5 Bxe2 43. Rxd7 Bxd1 44. Rxd1 Rxe4 45. Rd7 Rxe5 46. Rb7 Kf8 47. Kf2 h5 48. Kf3 Ke8 49. Kf4 Rf5+ 50. Ke4 Rg5 51. Kf3 Kd8 52. g4 Kc8 53. Rb6 Kc7 54. Re6 b4 55. Kf4 Rb5 56. Rxg6 1/2-1/2

[Event "Adelquis Remon Memorial-D"]
[Site "Holguin"]
[Date "2018.12.04"]
[Round "9.3"]
[White "Lores Pulgares, Felix"]
[Black "Cespedes Bejerano, Jose Angel"]
[Result "0-1"]
[WhiteElo "2090"]
[BlackElo "2084"]
[PlyCount "90"]
[EventDate "2018.11.30"]
[EventType "tourn"]
[EventRounds "10"]
[EventCountry "CUB"]
[SourceTitle "EXT 2023"]
[Source "ChessBase"]
[SourceDate "2022.10.05"]
[SourceVersion "1"]
[SourceVersionDate "2022.10.05"]
[SourceQuality "1"]

1. Nf3 d5 2. g3 Nf6 3. Bg2 c5 4. 0-0 Nc6 5. d4 Bg4 6. Ne5 Bf5 7. Nxc6 bxc6 8. dxc5 Qa5 9. Qd4 Bxc2 10. b4 Qa6 11. Nc3 e6 12. Bb2 Rd8 13. f4 h5 14. Bf3 Bf5 15. Nd1 h4 16. Ne3 Bh3 17. Rfe1 hxg3 18. hxg3 Be7 19. Kf2 Rh7 20. Rh1 Kd7 21. Qd3 Qxd3 22. exd3 Rb8 23. Bc3 d4 24. Bxd4 Rxb4 25. Nc2 Ra4 26. Rhb1 Nd5 27. Bxd5 exd5 28. Rb7+ Kd8 29. a3 Bc8 30. Rb4 Ra5 31. Kg2 Bxc5 32. Bxc5 Rxc5 33. Nd4 Rc3 34. Rb3 Rxb3 35. Nxb3 Bh3+ 36. Kf3 Kc7 37. Nd4 Bd7 38. Re1 g6 39. Nb3 Kd6 40. d4 Rh2 41. Nc5 Rd2 42. Ke3 Ra2 43. a4 Bg4 44. Rg1 Ra3+ 45. Kd2 Ke7 0-1

[Event "Adelquis Remon Memorial-D"]
[Site "Holguin"]
[Date "2018.12.02"]
[Round "5.1"]
[White "Lores Pulgares, Felix"]
[Black "Martinez Mulet, Dario Leonel"]
[Result "1/2-1/2"]
[WhiteElo "2090"]
[BlackElo "2037"]
[PlyCount "25"]
[EventDate "2018.11.30"]
[EventType "tourn"]
[EventRounds "10"]
[EventCountry "CUB"]
[SourceTitle "EXT 2023"]
[Source "ChessBase"]
[SourceDate "2022.10.05"]
[SourceVersion "1"]
[SourceVersionDate "2022.10.05"]
[SourceQuality "1"]

1. e4 c5 2. Nf3 d6 3. d4 cxd4 4. Nxd4 Nf6 5. Nc3 a6 6. Be3 e5 7. Nb3 Be7 8. Be2 Be6 9. 0-0 0-0 10. Qd3 Nc6 11. Rfd1 Rc8 12. a3 b5 13. f3 1/2-1/2

[Event "Adelquis Remon Memorial-D"]
[Site "Holguin"]
[Date "2018.12.01"]
[Round "4.3"]
[White "Cespedes Bejerano, Jose Angel"]
[Black "Lores Pulgares, Felix"]
[Result "1/2-1/2"]
[WhiteElo "2084"]
[BlackElo "2090"]
[PlyCount "33"]
[EventDate "2018.11.30"]
[EventType "tourn"]
[EventRounds "10"]
[EventCountry "CUB"]
[SourceTitle "EXT 2023"]
[Source "ChessBase"]
[SourceDate "2022.10.05"]
[SourceVersion "1"]
[SourceVersionDate "2022.10.05"]
[SourceQuality "1"]

1. e4 c5 2. c3 Nc6 3. Nf3 Nf6 4. e5 Nd5 5. d4 cxd4 6. cxd4 d6 7. exd6 Qxd6 8. Nc3 Bg4 9. Be2 e6 10. 0-0 Be7 11. Nb5 Qd8 12. Ne5 Bxe2 13. Qxe2 Qb6 14. Re1 Nxe5 15. dxe5 a6 16. Nc3 Nxc3 17. bxc3 1/2-1/2

[Event "Holguin Province-ch sf"]
[Site "Holguin"]
[Date "2018.09.10"]
[Round "6"]
[White "Martinez Mulet, Dario Leonel"]
[Black "Lores Pulgares, Felix"]
[Result "1-0"]
[WhiteElo "2005"]
[BlackElo "2108"]
[PlyCount "71"]
[EventDate "2018.09.07"]
[EventType "swiss"]
[EventRounds "7"]
[EventCountry "CUB"]
[SourceTitle "EXT 2021"]
[Source "ChessBase"]
[SourceDate "2020.10.23"]
[SourceVersion "1"]
[SourceVersionDate "2020.10.23"]
[SourceQuality "1"]

1. d4 Nf6 2. Nf3 e6 3. c4 b6 4. g3 Bb7 5. Bg2 Be7 6. 0-0 0-0 7. d5 exd5 8. Nh4 c6 9. cxd5 Nxd5 10. Nf5 Nc7 11. Bf4 d5 12. e4 Ne6 13. Qh5 Kh8 14. exd5 cxd5 15. Nc3 Nd7 16. Nxe7 Qxe7 17. Rfe1 Nf6 18. Qf5 d4 19. Nb5 Bxg2 20. Kxg2 Qc5 21. Re5 Qc6+ 22. Kg1 Nxf4 23. Qxf4 d3 24. Rd1 Rfe8 25. Rxe8+ Rxe8 26. Nd6 Re7 27. Nf5 Re2 28. Qg5 g6 29. Nd4 Qd6 30. Nxe2 dxe2 31. Rxd6 e1Q+ 32. Kg2 Qe4+ 33. Kh3 Ne8 34. Rd8 Kg7 35. Qe3 Qf5+ 36. g4 1-0

[Event "Bayamo Cespedes tt"]
[Site "Bayamo"]
[Date "2018.03.04"]
[Round "6.2"]
[White "Charon Mustelier, Manuel"]
[Black "Lores Pulgares, Felix"]
[Result "1-0"]
[WhiteElo "2149"]
[BlackElo "2158"]
[PlyCount "60"]
[EventDate "2018.03.01"]
[EventType "team-tourn"]
[EventRounds "10"]
[EventCountry "CUB"]
[EventCategory "1"]
[SourceTitle "CBM 195 Extra"]
[Source "ChessBase"]
[SourceDate "2020.05.31"]
[SourceVersion "1"]
[SourceVersionDate "2020.05.31"]
[SourceQuality "1"]

1. e4 c5 2. Nf3 e6 3. d4 cxd4 4. Nxd4 Nc6 5. Nc3 Qc7 6. g3 a6 7. Bg2 Nf6 8. 0-0 Be7 9. Re1 d6 10. Nxc6 bxc6 11. e5 dxe5 12. Rxe5 0-0 13. Re1 Bb7 14. Bf4 Qa5 15. Qe2 Qh5 16. Na4 Qb5 17. b3 Qxe2 18. Rxe2 Rad8 19. c4 Rd3 20. Bc7 Rc8 21. Ba5 Rb8 22. Ree1 Ba8 23. Rad1 Rxd1 24. Rxd1 c5 25. Bxa8 Rxa8 26. Bb6 Rc8 27. Bxc5 Kf8 28. Bxe7+ Kxe7 29. f3 a5 30. Kf2 Rc6 1-0

[Event "Bayamo Cespedes tt"]
[Site "Bayamo"]
[Date "2018.03.02"]
[Round "3.1"]
[White "Lores Pulgares, Felix"]
[Black "Almirall Exposito, Pedro Antonio"]
[Result "1/2-1/2"]
[WhiteElo "2158"]
[BlackElo "2178"]
[PlyCount "37"]
[EventDate "2018.03.01"]
[EventType "team-tourn"]
[EventRounds "10"]
[EventCountry "CUB"]
[EventCategory "1"]
[SourceTitle "CBM 195 Extra"]
[Source "ChessBase"]
[SourceDate "2020.05.31"]
[SourceVersion "1"]
[SourceVersionDate "2020.05.31"]
[SourceQuality "1"]

1. e4 c5 2. Nf3 e6 3. d4 cxd4 4. Nxd4 Nc6 5. Nc3 Qc7 6. Be3 a6 7. Qf3 Bd6 8. g3 Be5 9. 0-0-0 Nge7 10. Qe2 b5 11. f4 Bxd4 12. Bxd4 Nxd4 13. Rxd4 0-0 14. e5 Bb7 15. Bg2 Bxg2 16. Qxg2 Nf5 17. Rd3 d5 18. exd6 Nxd6 19. Rd4 1/2-1/2

[Event "Bayamo Cespedes tt"]
[Site "Bayamo"]
[Date "2018.03.01"]
[Round "1.2"]
[White "Lores Pulgares, Felix"]
[Black "Charon Mustelier, Manuel"]
[Result "1/2-1/2"]
[WhiteElo "2158"]
[BlackElo "2149"]
[PlyCount "73"]
[EventDate "2018.03.01"]
[EventType "team-tourn"]
[EventRounds "10"]
[EventCountry "CUB"]
[EventCategory "1"]
[SourceTitle "CBM 195 Extra"]
[Source "ChessBase"]
[SourceDate "2020.05.31"]
[SourceVersion "1"]
[SourceVersionDate "2020.05.31"]
[SourceQuality "1"]

1. c4 e6 2. Nf3 d5 3. g3 c5 4. Bg2 Nc6 5. 0-0 Nf6 6. cxd5 exd5 7. d4 Be7 8. dxc5 Bxc5 9. Bg5 0-0 10. Qc2 Be7 11. Nc3 d4 12. Rad1 Qa5 13. Bxf6 Bxf6 14. Ne4 Qf5 15. Nxf6+ Qxf6 16. Rd2 Bf5 17. Qa4 Rfe8 18. Nxd4 Nxd4 19. Rxd4 Rxe2 20. Bxb7 Rf8 21. Rf4 Qe5 22. b3 Bd3 23. Qd4 Qb5 24. Bd5 Re7 25. Bc4 Bxc4 26. Qxc4 Qe8 27. Qd4 Qd7 28. Qb4 Qe6 29. Rd4 Rc8 30. Qd2 Qa6 31. Rd7 Re2 32. Qd5 Rf8 33. a4 Rb2 34. Rb7 Qe6 35. Qxe6 fxe6 36. Rxa7 Rxb3 37. Rd1 1/2-1/2

[Event "Adelquis Remon Memorial-E"]
[Site "Holguin"]
[Date "2017.11.06"]
[Round "9.3"]
[White "Lores Pulgares, Felix"]
[Black "Lavigne Lopez, Raul Leonardo"]
[Result "1/2-1/2"]
[WhiteElo "2096"]
[BlackElo "2159"]
[PlyCount "128"]
[EventDate "2017.11.02"]
[EventType "tourn"]
[EventRounds "10"]
[EventCountry "CUB"]
[SourceTitle "EXT 2023"]
[Source "ChessBase"]
[SourceDate "2022.10.05"]
[SourceVersion "1"]
[SourceVersionDate "2022.10.05"]
[SourceQuality "1"]

1. e4 e5 2. Nf3 Nc6 3. Bc4 Bc5 4. 0-0 Nf6 5. d3 d6 6. c3 0-0 7. a4 a5 8. Nbd2 Be6 9. Bb3 Qd7 10. Re1 h6 11. Nf1 Rfe8 12. Be3 Bxe3 13. Nxe3 d5 14. exd5 Nxd5 15. Bxd5 Bxd5 16. Nxd5 Qxd5 17. Qc2 Rad8 18. Rad1 Re6 19. d4 exd4 20. Nxd4 Nxd4 21. cxd4 c6 22. Rxe6 fxe6 23. Re1 Qxd4 24. Qb3 Qd7 25. h3 Re8 26. Qb6 Qd2 27. Re4 Re7 28. Rd4 Qe1+ 29. Kh2 Rf7 30. f3 Qe5+ 31. Kh1 Kh7 32. Rd8 Qe1+ 33. Kh2 Qb4 34. Qxb4 axb4 35. Rd6 Re7 36. Kg3 Kg6 37. Kf4 Kf6 38. Ke4 Rc7 39. Kd4 Ke7 40. Ke5 Kf7 41. Rxe6 Rd7 42. Rd6 Re7+ 43. Kd4 Ke8 44. Kd3 Re1 45. Rd4 Rg1 46. Rxb4 b5 47. axb5 cxb5 48. Rxb5 Rxg2 49. h4 g6 50. Rb4 g5 51. hxg5 hxg5 52. Rg4 Rxb2 53. Rxg5 Kf7 54. Ke3 Rb4 55. Ra5 Rb7 56. Kf4 Rc7 57. Kf5 Rb7 58. f4 Rc7 59. Ra6 Rb7 60. Kg5 Rb5+ 61. f5 Rb7 62. Rh6 Rb2 63. Rh7+ Kg8 64. Rc7 Rb6 1/2-1/2

[Event "Adelquis Remon Memorial-E"]
[Site "Holguin"]
[Date "2017.11.05"]
[Round "6.3"]
[White "Obregon Garcia, Roxangel"]
[Black "Lores Pulgares, Felix"]
[Result "0-1"]
[WhiteElo "2076"]
[BlackElo "2096"]
[PlyCount "62"]
[EventDate "2017.11.02"]
[EventType "tourn"]
[EventRounds "10"]
[EventCountry "CUB"]
[SourceTitle "EXT 2023"]
[Source "ChessBase"]
[SourceDate "2022.10.05"]
[SourceVersion "1"]
[SourceVersionDate "2022.10.05"]
[SourceQuality "1"]

1. d4 Nf6 2. c4 e6 3. Nc3 Bb4 4. Qc2 c5 5. dxc5 0-0 6. Bf4 Bxc5 7. e3 a6 8. Rd1 Nc6 9. Nf3 Be7 10. Be2 Qa5 11. 0-0 d5 12. Qb1 dxc4 13. Bxc4 b5 14. Bd3 Bb7 15. Ne4 h6 16. Nd6 Bxd6 17. Bxd6 Rfd8 18. b4 Qb6 19. Bc5 Qc7 20. Qb2 Rd7 21. e4 Rad8 22. Qe2 Ne5 23. Nxe5 Qxe5 24. Bb6 Rc8 25. f4 Qc3 26. e5 Nd5 27. Bc5 Rcd8 28. Bd6 Nxb4 29. Bb1 Qc4 30. Qe3 Nd5 31. Qf2 Nc3 0-1

[Event "Adelquis Remon Memorial-E"]
[Site "Holguin"]
[Date "2017.11.03"]
[Round "4.3"]
[White "Lavigne Lopez, Raul Leonardo"]
[Black "Lores Pulgares, Felix"]
[Result "1-0"]
[WhiteElo "2159"]
[BlackElo "2096"]
[PlyCount "99"]
[EventDate "2017.11.02"]
[EventType "tourn"]
[EventRounds "10"]
[EventCountry "CUB"]
[SourceTitle "EXT 2023"]
[Source "ChessBase"]
[SourceDate "2022.10.05"]
[SourceVersion "1"]
[SourceVersionDate "2022.10.05"]
[SourceQuality "1"]

1. Nf3 Nf6 2. g3 d5 3. Bg2 c6 4. b3 Bf5 5. Bb2 e6 6. 0-0 Be7 7. c4 0-0 8. d3 h6 9. Nbd2 Nbd7 10. Qc2 Bh7 11. Rad1 a5 12. Rfe1 Qc7 13. cxd5 Nxd5 14. a3 Bf6 15. e4 Bxb2 16. Qxb2 N5b6 17. d4 c5 18. Rc1 Qd6 19. e5 Qe7 20. Ne4 Bxe4 21. Rxe4 Rac8 22. Ree1 cxd4 23. Nxd4 Rxc1 24. Qxc1 Nc5 25. Qd2 a4 26. b4 Na6 27. Qe2 Rd8 28. Nc6 bxc6 29. Qxa6 Qc7 30. Rc1 Ra8 31. Qe2 Nd5 32. Rc5 Qd7 33. h3 g6 34. Kh2 Ne7 35. Qc2 Qd4 36. Qe2 Qa1 37. Qd3 Nd5 38. Rxc6 Qxe5 39. b5 Rb8 40. Bxd5 Qxd5 41. Qxd5 exd5 42. Rc5 d4 43. Kg2 Rd8 44. Kf1 Kf8 45. Ke2 d3+ 46. Kd2 Rd7 47. b6 Ke7 48. Rb5 Rb7 49. Kxd3 Kd6 50. Kc4 1-0

[Event "Adelquis Remon Memorial-E"]
[Site "Holguin"]
[Date "2017.11.02"]
[Round "2.2"]
[White "Bonet Molina, Ariel"]
[Black "Lores Pulgares, Felix"]
[Result "0-1"]
[WhiteElo "2069"]
[BlackElo "2096"]
[PlyCount "106"]
[EventDate "2017.11.02"]
[EventType "tourn"]
[EventRounds "10"]
[EventCountry "CUB"]
[SourceTitle "EXT 2023"]
[Source "ChessBase"]
[SourceDate "2022.10.05"]
[SourceVersion "1"]
[SourceVersionDate "2022.10.05"]
[SourceQuality "1"]

1. c4 c5 2. g3 Nf6 3. Bg2 d5 4. cxd5 Nxd5 5. Nf3 Nc6 6. 0-0 e5 7. Nc3 Nc7 8. d3 Be7 9. Be3 f6 10. Rc1 Nd4 11. Ne4 Nce6 12. Nfd2 Rb8 13. Bxd4 exd4 14. f4 f5 15. Nf2 0-0 16. Qb3 Kh8 17. Qd5 Qxd5 18. Bxd5 Nc7 19. Bg2 Be6 20. Rfe1 Nd5 21. Nd1 Rfe8 22. Nc4 b6 23. Ne5 Rbc8 24. e4 fxe4 25. dxe4 Nb4 26. a3 Nc6 27. Nxc6 Rxc6 28. f5 Bb3 29. e5 Rcc8 30. Nf2 Bg5 31. Ra1 Be3 32. e6 g6 33. Rxe3 dxe3 34. Ne4 gxf5 35. Nd6 Bxe6 36. Re1 Bd7 37. Nxc8 Bxc8 38. Bc6 Re6 39. Bf3 Ba6 40. Be2 Bxe2 41. Rxe2 Kg7 42. Kf1 Kf6 43. Rc2 Kg5 44. Ke2 Re4 45. Rc1 Kg4 46. Rf1 h5 47. Rf3 Rc4 48. Kxe3 Rc2 49. Rf4+ Kg5 50. h4+ Kf6 51. Ra4 a5 52. Kd3 Rxb2 53. Kc3 Rg2 0-1

[Event "CUB School-chT"]
[Site "Santa Clara"]
[Date "2017.07.15"]
[Round "6.5"]
[White "Lores Pulgares, Felix"]
[Black "Gallo Garcia, Kemel Antonio"]
[Result "0-1"]
[WhiteElo "2135"]
[BlackElo "1975"]
[PlyCount "112"]
[EventDate "2017.07.13"]
[EventType "team-swiss"]
[EventRounds "9"]
[EventCountry "CUB"]
[SourceTitle "EXT 2023"]
[Source "ChessBase"]
[SourceDate "2022.10.05"]
[SourceVersion "1"]
[SourceVersionDate "2022.10.05"]
[SourceQuality "1"]

1. e4 c5 2. Nf3 g6 3. d4 cxd4 4. Nxd4 Nc6 5. Nc3 Bg7 6. Nb3 Nf6 7. Be2 0-0 8. 0-0 d6 9. Re1 Bd7 10. Bf1 Rc8 11. Bg5 Ne5 12. Nd5 Nxd5 13. exd5 h6 14. Bh4 g5 15. Bg3 Bg4 16. f3 Bf5 17. c3 Bg6 18. Qd2 b5 19. Rac1 Nc4 20. Qf2 Qd7 21. Nd4 a6 22. h4 Nb6 23. hxg5 hxg5 24. Qd2 Bf6 25. Nb3 Nc4 26. Qf2 Kg7 27. f4 gxf4 28. Bxf4 Rh8 29. g3 Rh7 30. Bg2 Ne5 31. Bxe5 Bxe5 32. Nd2 Qg4 33. Nf1 Rch8 34. Bf3 Qf5 35. Bg2 Qg5 36. Qe3 Qg4 37. Bf3 Qc8 38. Re2 Rh3 39. Bg2 R3h6 40. b3 Qg8 41. Qf3 Bh5 42. g4 Rf6 43. Qe4 Bg6 44. Qb4 Qh7 45. Rxe5 dxe5 46. Qxe7 Qh4 47. Qc5 Qxg4 48. Re1 Bd3 49. Qe3 Bxf1 50. Rxf1 Rxf1+ 51. Kxf1 Qf4+ 52. Qxf4 exf4 53. Ke2 Kf6 54. c4 bxc4 55. bxc4 Ke5 56. Kf3 Rg8 0-1

[Event "Bayamo Cespedes Memorial op"]
[Site "Bayamo"]
[Date "2017.03.02"]
[Round "2.1"]
[White "Lores Pulgares, Felix"]
[Black "Antunez, Soler Luis"]
[Result "1/2-1/2"]
[WhiteElo "2049"]
[BlackElo "2136"]
[PlyCount "65"]
[EventDate "2017.03.01"]
[EventType "swiss"]
[EventRounds "9"]
[EventCountry "CUB"]
[SourceTitle "EXT 2023"]
[Source "ChessBase"]
[SourceDate "2022.10.05"]
[SourceVersion "1"]
[SourceVersionDate "2022.10.05"]
[SourceQuality "1"]

1. e4 e6 2. d4 d5 3. Nd2 Be7 4. Bd3 c5 5. dxc5 Nf6 6. exd5 Qxd5 7. Ngf3 Nbd7 8. Bc4 Qxc5 9. 0-0 0-0 10. Qe2 Qh5 11. b3 Nb6 12. Bd3 Nbd5 13. Nc4 b6 14. Qe5 Qxe5 15. Ncxe5 Bb7 16. a3 h6 17. Bd2 Rfd8 18. Rfd1 Rac8 19. c4 Nc7 20. Be3 Ne4 21. b4 Nc3 22. Rd2 Bf6 23. Rc1 Ne8 24. c5 Bxf3 25. Nxf3 Rxd3 26. Rxd3 Ne2+ 27. Kf1 Nxc1 28. Bxc1 bxc5 29. bxc5 Rxc5 30. Be3 Ra5 31. Nd4 Rd5 32. Ke2 Nd6 33. Nc6 1/2-1/2